A2 business studies
Guardat en:
| Format: | Llibre |
|---|---|
| Idioma: | Undetermined |
| Publicat: |
New York
Hodder Arnold
2005
|
| Matèries: | |
| Etiquetes: |
Afegir etiqueta
Sense etiquetes, Sigues el primer a etiquetar aquest registre!
|
| Thư viện lưu trữ: | Trung tâm Học liệu Trường Đại học Cần Thơ |
|---|
| LEADER | 00411nam a2200169Ia 4500 | ||
|---|---|---|---|
| 001 | CTU_104476 | ||
| 008 | 210402s9999 xx 000 0 und d | ||
| 020 | |c 77.32 | ||
| 082 | |a 382 | ||
| 082 | |b B979 | ||
| 245 | 0 | |a A2 business studies | |
| 260 | |a New York | ||
| 260 | |b Hodder Arnold | ||
| 260 | |c 2005 | ||
| 650 | |a Business | ||
| 904 | |i Tuyến | ||
| 980 | |a Trung tâm Học liệu Trường Đại học Cần Thơ | ||